Πολυπολιτισμικό Σχολείο: κοινωνικές σχέσεις και σχολικές επιδόσεις.(Μια εμπειρική έρευνα) : διπλωματική εργασία [μεταπτυχιακή εργασία]
Αποθηκεύτηκε σε:
| Κύριος συγγραφέας: | |
|---|---|
| Συγγραφή απο Οργανισμό/Αρχή: | |
| Άλλοι συγγραφείς: | |
| Μορφή: | Thesis Βιβλίο |
| Γλώσσα: | Greek |
| Δημοσίευση: |
2009
|
| Θέματα: | |
| Διαθέσιμο Online: | http://hdl.handle.net/11610/14154 |
| Ετικέτες: |
Προσθήκη ετικέτας
Δεν υπάρχουν, Καταχωρήστε ετικέτα πρώτοι!
|
MARC
| LEADER | 00000cam a2200000 i 4500 | ||
|---|---|---|---|
| 001 | 1/13258 | ||
| 008 | 110525s2009 gre d | ||
| 035 | |l 10110127 | ||
| 040 | |a GR-MY-UA |b gre |e aacr | ||
| 041 | 0 | |a gre | |
| 082 | 0 | |a 370.117 |2 (22) | |
| 100 | 1 | |a Παπαδόπουλος, Αναστάσιος Α. | |
| 245 | 1 | 0 | |a Πολυπολιτισμικό Σχολείο: κοινωνικές σχέσεις και σχολικές επιδόσεις.(Μια εμπειρική έρευνα) : |b διπλωματική εργασία [μεταπτυχιακή εργασία] / |c Αναστάσιος Α. Παπαδόπουλος ; επιβλέπων: Χρήστος Γκόβαρης |
| 260 | |c 2009 | ||
| 300 | |a 141 σ.; |b πιν.; |c 30 εκ. | ||
| 500 | |a μέλη εξεταστικής επιτροπής: Εμμανουήλ Κόνσολας, Παναγιώτης Σταμάτης | ||
| 502 | |a Διατριβή (μεταπτυχιακή) – Πανεπιστήμιο Αιγαίου, Ρόδος, 2009. | ||
| 504 | |a Βιβλιογραφία: σ. 123-130 | ||
| 650 | 0 | 0 | |a Multicultural education. |
| 650 | 0 | 0 | |a Education. |
| 650 | 0 | 0 | |a Activity programs in education |z Greece. |
| 650 | 0 | 0 | |a Dissertations, Academic |z Greece. |
| 700 | 1 | |a Γκόβαρης, Χρήστος. |4 ths | |
| 710 | 2 | |a Πανεπιστήμιο Αιγαίου |b Σχολή Ανθρωπιστικών Επιστημών |b Τμήμα Επιστημών της Προσχολικής Αγωγής και του Εκπαιδευτικού Σχεδιασμού |b Πρόγραμμα Μεταπτυχιακών Σπουδών Μοντέλα Σχεδιασμού και Ανάπτυξης Εκπαιδευτικών Μονάδων . | |
| 852 | |a INST |b RHODES |c DIATR |e 20110525 |h 370.117 ΠΑΠ |p 005400032908 |q 005400032908 |t MTXE |y 23 | ||
| 852 | |a INST |b RHODES |c DIATR |e 20110525 |h 370.117 ΠΑΠ |p 005400032909 |q 005400032909 |t MTXE |y 23 | ||
| 856 | |u http://hdl.handle.net/11610/14154 | ||
| 901 | |a BIBL4-2011-2 | ||
| 909 | |a Ρ |b 163377 | ||
| 909 | |a Ρ |b 163378 | ||
| 924 | |a ΠΑΠΑΔΟΠΟΥΛΟΣ |b ΑΝΑΣΤΑΣΙΟΣ Α. |y ΡΟΔΟΣ |z 2011-05 | ||
| 970 | |z 2010/05/ | ||